Pokémon - Pokémon Battle Révolution - Statistiques

Statistiques générales
  • Ce quiz a été pris 10 fois
  • Le résultat moyen est 22 sur 35
Statistiques - réponses
Question Réponse % Correct
Lequel est l'un des deux premiers Colosseum faisable dès le début du jeu ?
100%
Lequel est le Colosseum du Ciel-Étoilé ?
100%
Quel Pokémon n'est pas présent sur la jaquette du jeu ?
80%
Quel Pokémon n'est pas disponible dans les cadeaux que l'on peut envoyer sur la DS ?
80%
Lequel est le Colosseum des Hautes-Chutes ?
80%
Lequel est le Colosseum de Cristal ?
80%
Lequel est le Colosseum du Cratère-Ardent ?
80%
Lequel est le Colosseum du Crépuscule ?
80%
Qui est le/la Maître(sse) du Colosseum de l'Orée ?
80%
Qui est le/la Maître(sse) du Colosseum de la Grand-Rue ?
80%
Qui est le/la Maître(sse) du Colosseum des Hautes-Chutes ?
80%
Qui est le/la Maître(sse) du Colosseum du Cratère-Ardent ?
80%
Qui est le/la Maître(sse) du Colosseum de la Pleine-Lune ?
80%
Qui est le/la Maître(sse) du Colosseum du Ciel-Étoilé ?
80%
Comment s'appelle la guide de Pokétopia ? Anna
80%
Lequel est le Colosseum de la Grand-Rue ?
60%
Lequel est le Colosseum du Belvédère ?
60%
Lequel est le Colosseum Belle-Saison ?
60%
Lequel est le Colosseum de l'Atoll ?
60%
Qui est le/la Maître(sse) du Colosseum du Belvédère ?
60%
Qui est le/la Maître(sse) du Colosseum Belle-Saison ?
60%
De quelle région l'équipe de Sandrine s'inspire ? Kanto
60%
Quelles sont les couleurs des deux premiers pass de location ? Rouge & Bleu
60%
Quel est le format des combats du Colosseum du Belvédère ? Sélection d'une équipe avec nos Pokémon et ceux de l'adversaire
60%
De quelle région l'équipe de Nathan s'inspire ? Sinnoh
60%
Combien de pass de location sont disponibles dans le jeu ? Six
60%
Dans quel Colosseum peut-on gagner tous les pass de location ainsi qu'échanger les Pokémon de son équipe contre ceux de nos adversaires ?
40%
Lequel est le Colosseum de l'Orée ?
40%
Qui est le/la Maître(sse) du Colosseum du Crépuscule ?
40%
Quel est le format des combats du Colosseum des Hautes-Chutes ? 5 manches de 1 VS 1
40%
Quel est le format des combats du Colosseum du Crépuscule ? Sélection de Pokémon dans une liste commune avec l'adversaire
40%
Lequel est le Colosseum de la Pleine-Lune ?
20%
Qui est le/la Maître(sse) du Colosseum de Cristal ?
20%
En quelle année est sortie Pokémon Battle Révolution en Europe ? 2007
20%
Par quel moyen de transport arrive-t-on sur l'île Pokétopia ? Avion
20%
Aucun quiz correspondant
Distribution des résultats
% des personnes avec chaque résultat
Percentile par nombre de réponses
Votre historique - résultats
Vous n’avez pas pris ce quiz